<?xml version="1.0" encoding="UTF-8"?>
<marc:record xmlns:marc="http://www.loc.gov/MARC21/slim">
   <marc:leader>00000nam a2200000 a 4500</marc:leader>
   <marc:datafield ind1="1" ind2=" " tag="100">
      <marc:subfield code="a">Städing, Sabine</marc:subfield>
      <marc:subfield code="4">aut</marc:subfield>
      <marc:subfield code="e">Verfasser/-in</marc:subfield>
   </marc:datafield>
   <marc:datafield ind1="0" ind2="0" tag="245">
      <marc:subfield code="a">Petronella Apfelmus, Bd. 4</marc:subfield>
   </marc:datafield>
   <marc:datafield ind1="0" ind2="0" tag="245">
      <marc:subfield code="b">Zauberhut und Bienenstich</marc:subfield>
   </marc:datafield>
   <marc:datafield ind1="0" ind2="0" tag="245">
      <marc:subfield code="c">Städing, Sabine</marc:subfield>
   </marc:datafield>
   <marc:datafield ind1=" " ind2="1" tag="264">
      <marc:subfield code="c">2016</marc:subfield>
   </marc:datafield>
   <marc:datafield ind1="1" ind2=" " tag="520">
      <marc:subfield code="a">Der Herbst kommt und Petronella hat mit der Apfelernte alle Hände voll zu tun. Da bringen die Zwillinge Lea und Luis eine schreckliche Nachricht: Der fiese Bäckermeister Kümmerling will das Müllerhaus kaufen. Der Garten soll weg und an seine Stelle soll ein Parkplatz gebaut werden. Das kann doch nicht wahr sein! Doch Kümmerling hat die Rechnung ohne die Kinder und die kleine Hexe gemacht: Während die Apfelmännchen allerhand Fallen bauen, um den Garten zu beschützen, hecken Petronella, Luis und Lea einen tollen Plan aus, um Kümmerling ein für alle Mal das Handwerk zu legen. Zum Glück kann die kleine Hexe auch mit ein bisschen Magie aushelfen -</marc:subfield>
   </marc:datafield>
   <marc:datafield ind1=" " ind2=" " tag="020">
      <marc:subfield code="a">9783414824547</marc:subfield>
      <marc:subfield code="9">9783414824547</marc:subfield>
   </marc:datafield>
   <marc:datafield ind1=" " ind2=" " tag="020">
      <marc:subfield code="a">341482454X</marc:subfield>
      <marc:subfield code="9">341482454X</marc:subfield>
   </marc:datafield>
   <marc:datafield ind1=" " ind2=" " tag="338">
      <marc:subfield code="a">Band</marc:subfield>
   </marc:datafield>
   <marc:datafield ind1=" " ind2=" " tag="300">
      <marc:subfield code="a">207 S.</marc:subfield>
   </marc:datafield>
</marc:record>
